LEADER 02132nam 2200601 a 450 001 9910783320103321 005 20210106192127.0 035 $a(CKB)1000000000032361 035 $a(OCoLC)70755817 035 $a(CaPaEBR)ebrary10077775 035 $a(SSID)ssj0000672825 035 $a(PQKBManifestationID)11402850 035 $a(PQKBTitleCode)TC0000672825 035 $a(PQKBWorkID)10635802 035 $a(PQKB)10310533 035 $a(MiAaPQ)EBC3410592 035 $a(EXLCZ)991000000000032361 100 $a20150424d2002 uy| 0 101 0 $aeng 135 $aur|||---||||| 181 $ctxt$2rdacontent 182 $cc$2rdamedia 183 $acr$2rdacarrier 200 10$aExamWise For CIW CIW E-Commerce Designer Certification$b[electronic resource] $eExam 1D0-425 /$fChad M. Bayer 210 $aFriendswood, TX, USA $cTotalRecall Publications$d2003 210 $aFriendswood, TX, USA $cTotalRecall Publications$d2002 210 $cTotalRecall Publications 215 $a1 online resource (290 p.) 225 1 $aExamWise to CIW certification series 300 $aBibliographic Level Mode of Issuance: Monograph 311 $a1-59095-691-5 410 0$aExamWise to CIW certification series. 606 $aElectronic data processing personnel$xCertification 606 $aElectronic commerce$xExaminations$vStudy guides 606 $aWeb site development$xExaminations$vStudy guides 606 $aCOMPUTERS$2bisac 606 $aInformation Technology$2bisac 606 $aEngineering & Applied Sciences$2HILCC 606 $aComputer Science$2HILCC 615 0$aElectronic data processing personnel$xCertification. 615 0$aElectronic commerce$xExaminations 615 0$aWeb site development$xExaminations 615 7$aCOMPUTERS 615 7$aInformation Technology 615 7$aEngineering & Applied Sciences 615 7$aComputer Science 700 $aBayer$b Chad$01514874 801 0$bPQKB 801 2$bAzTeS 906 $aBOOK 912 $a9910783320103321 996 $aExamWise For CIW CIW E-Commerce Designer Certification$93796882 997 $aUNINA LEADER 02749nam0 22005653i 450 001 RAV0067842 005 20251003044321.0 020 $aIT$b1956 11986 090 $a631804 100 $a20030418d1956 ||||0itac50 ba 101 | $aita$afre$cita 102 $ait 181 1$6z01$ai $bxxxe 182 1$6z01$an 183 1$6z01$anc$2RDAcarrier 200 1 $aBonaparte e il Direttorio dopo Campoformio$eil problema italiano nella diplomazia europea, 1797-1798$fCarlo Zaghi 210 $aNapoli$cEdizioni scientifiche italiane$d1956 215 $aXVI, 411 p.$d22 cm. 225 | $aBiblioteca storica$i. N.S$v4 410 0$1001TO00310716$12001 $aBiblioteca storica$i. N.S$v4 500 10$aBonaparte e il Direttorio dopo Campoformio$3UM10211060$9CFIV016801$965723 606 $aTrattato di Campoformio <1797>$2FIR$3LO1C541334$9I 606 $aNapoleone I $xPolitica$2FIR$3SBLC030921$9I 606 $aNapoleone I $xPolitica$2FIR$3SBLC030921$9I 676 $a945.082$9STORIA D'ITALIA. Periodo Napoleonico.$v19 676 $a945.082$9Storia d'Italia. Periodo napoleonico 1796-1815$v20 676 $a945.082$9STORIA. ITALIA. PERIODO NAPOLEONICO, 1796-1815$v21 686 $aX0.1/BONAPARTE,NAPOLE$cBIOGRAFIE E SCRITTI SU NAPOLEONE BONAPARTE$2R 696 $aVita politica$aAttivitą politica$aAspetti politici 696 $aVita politica$aAttivitą politica$aAspetti politici 699 $aPolitica$zVita politica 699 $aPolitica$zAttivitą politica 699 $aPolitica$zAspetti politici 699 $aPolitica$zVita politica 699 $aPolitica$zAttivitą politica 699 $aPolitica$zAspetti politici 700 1$aZaghi$b, Carlo$f <1910-2004>$3CFIV016801$4070$0130368 790 1$aZaghi$b, Carlo$c $3SBNV103867$zZaghi, Carlo <1910-2004> 801 3$aIT$bIT-000000$c20030418 850 $aIT-BN0095 $aIT-SA0060 $aIT-NA0079 $aIT-CE0162 $aIT-NA0097 901 $bNAP SP$cMORISANI $nFondo Morisani 901 $bNAP BN$cF.DORIA $nIl Fondo č escluso dal servizio di prestito. La consegna del doc. é effettuata dall'Uff. Sale Consultazione. La collocazione Rari viene distribuita presso sezione Manoscritti e Rari 901 $bNAP 27$cSALA $n$ 901 $bNAP PR$cF. CORTESE$n$ 901 $bNAP 01$cGUERRAZZI $n$ 912 $aRAV0067842 950 0$aBiblioteca Centralizzata di Ateneo$c1 v.$d 01GUERRAZZI B 0652$e 0101 0000092855 VMA 1 v.$fA $h20071126$i20071126 977 $a 01$a 27$a BN$a PR$a SP 996 $aBonaparte e il Direttorio dopo Campoformio$965723 997 $aUNISANNIO LEADER 02694oas 2201045 a 450 001 9910142050103321 005 20251106213014.0 011 $a1477-8564 035 $a(DE-599)ZDB2076080-2 035 $a(DE-599)2076080-2 035 $a(OCoLC)50264444 035 $a(CONSER) 2008233302 035 $a(CKB)110975946727437 035 $a(EXLCZ)99110975946727437 100 $a20020730a19899999 sy a 101 0 $aeng 135 $aurunu|||||||| 181 $ctxt$2rdacontent 182 $cc$2rdamedia 183 $acr$2rdacarrier 200 10$aJournal of the history of collections 210 $aOxford, U.K. $cOxford University Press 300 $aRefereed/Peer-reviewed 311 08$a0954-6650 531 0 $aJ. hist. collect. 606 $aCollectors and collecting$xHistory$vPeriodicals 606 $aMuseums$xAcquisitions$xHistory$vPeriodicals 606 $aCollectibles$xHistory$vPeriodicals 606 $aCollectibles$2fast$3(OCoLC)fst00867139 606 $aCollectors and collecting$2fast$3(OCoLC)fst00867604 606 $aMuseums$xAcquisitions$2fast$3(OCoLC)fst01030132 606 $aMuseum$2gnd 606 $aKunst$2gnd 606 $aSammlung$2gnd 606 $aAngewandte Mathematik$2gnd 606 $aLibraries and Museums$2ukslc 608 $aHistory.$2fast 608 $aPeriodicals.$2fast 608 $aPeriodicals.$2lcgft 608 $aZeitschrift$2swd 608 $aOnline-Publikation$2swd 615 0$aCollectors and collecting$xHistory 615 0$aMuseums$xAcquisitions$xHistory 615 0$aCollectibles$xHistory 615 7$aCollectibles. 615 7$aCollectors and collecting. 615 7$aMuseums$xAcquisitions. 615 7$aMuseum 615 7$aKunst 615 7$aSammlung 615 7$aAngewandte Mathematik 615 7$aLibraries and Museums. 676 $a069.5 801 0$bFXG 801 1$bFXG 801 2$bOCLCQ 801 2$bOCL 801 2$bVRC 801 2$bGUA 801 2$bOCLCQ 801 2$bMYG 801 2$bOCLCQ 801 2$bAGL 801 2$bOCLCF 801 2$bOCLCQ 801 2$bDEFHM 801 2$bOCLCO 801 2$bOCLCA 801 2$bSTBDS 801 2$bOCLCQ 801 2$bNLE 801 2$bUKMGB 801 2$bVT2 801 2$bOCLCA 801 2$bSFB 801 2$bUEJ 801 2$bOCLCQ 801 2$bOCLCO 801 2$bOCLCQ 801 2$bAUD 801 2$bOCLCQ 801 2$bUAB 801 2$bOCLCQ 801 2$bOCLCA 801 2$bOCLCL 801 2$bOCLCQ 906 $aJOURNAL 912 $a9910142050103321 996 $aJournal of the history of collections$9794381 997 $aUNINA